Airline fleets Quiz Stats

 Plays Quiz not verified by Sporcle

Score 0/15 Timer 05:00
0 Plays Today
% Correct
A319, A320, A321, A330-300, A340-300, A340-600, A380-800, 737-300, 737-500, 747-400, 747-8
94.4%
A320, A321, E-190
94.4%
737-300, 737-500, 737-700, 737-800
94.4%
737-800, 747-400, 747-400ER, A330-200, A330-300, A380-800
94.4%
A330-300, A380-800, 777-200ER, 777-300, 777-300ER
93.5%
717-200, 767-300ER, A330-200
93.5%
A330-200, A330-300, A380-800, 737-800, 737-900, 737-900ER, 747-400, 747-8, 777-200ER, 777-300, 777-300ER
92.6%
A319, A320, A321, A330-300, 767-300ER, 777-200LR, 777-300ER, 787-8, 787-9, E-190
92.6%
% Correct
A320, A321, A330-200, A330-300, A340-500, A340-600, A380-800, 777-200LR, 777-300ER, 787-9
92.6%
E-195
91.8%
737-700, 737-800
91.3%
737-700, 737-800, 757-200, 787-8
90.5%
A319, A320, A321, A330-200, 777-200ER
90%
A318, A319, A320, A321, 767-300ER, 787-8, 787-9
89.6%
737-800, 737-900ER, Q400
89.2%

You're not logged in!

Compare scores with friends on all Sporcle quizzes.
OR
Log In

Sporcle TV

Today on Sporcle TV


Watch our educational content, quiz creation guides, and fun videos on Sporcle TV.

Show Comments

Extras

Created Aug 23, 2015ReportNominate
Tags:Clickable Quiz, airline, fleet

Top Quizzes Today


Score Distribution

Your Account Isn't Verified!

In order to create a playlist on Sporcle, you need to verify the email address you used during registration. Go to your Sporcle Settings to finish the process.

Report this User

Report this user for behavior that violates our Community Guidelines.

Details: